00000000nam 2200000zi 4500
0019.945421
003CaOODSP
00520241121134556
006m     o  d f      
007cr bn|||||||||
008241121e198303##oncad   ot   f000 0 eng d
040 |aCaOODSP|beng|erda|cCaOODSP
043 |an-cn-on
0861 |aEn13-6/83-09E-PDF
1001 |aMarsalek, J., |eauthor.
24510|aEnvironmental monitoring system for the Tapscott Stormwater Pond / |cauthor: J. Marsalek.
264 1|a[Burlington, Ont.] : |bHydraulics Division, [National Water Research Institute], |cMarch 1983.
300 |a1 online resource (9 pages, 4 unnumbered pages) : |billustrations, graphs.
336 |atext|btxt|2rdacontent
337 |acomputer|bc|2rdamedia
338 |aonline resource|bcr|2rdacarrier
4901 |aTechnical note ; |vreport no. 83-09
500 |aCover title.
500 |a"Correspondence file no: 1630-14-7."
500 |a"Reason for report: Requested by the Borough of Scarborough and the Ministry of the Environment."
500 |aDigitized edition from print [produced by Environment and Climate Change Canada].
520 |a"The Borough of Scarborough intends to implement the recommendations of the stormwater management study for the Tapscott Industrial District as proposed by Andrew Brodie Associates. The major recommendation of the study is to build a stormwater pond which would reduce the peak runoff discharges from the new development and provide some control of pollution loads in runoff"--Introduction, page 1.
650 0|aUrban runoff|zOntario|xManagement.
650 0|aUrban runoff|xEnvironmental aspects|zOntario.
650 0|aStorm water retention basins|xEnvironmental aspects|zOntario.
650 6|aÉcoulement urbain|zOntario|xGestion.
650 6|aÉcoulement urbain|xAspect de l'environnement|zOntario.
650 6|aBassins de retenue des eaux pluviales|xAspect de l'environnement|zOntario.
651 0|aScarborough (Toronto, Ont.)|xEnvironmental conditions.
651 6|aScarborough (Toronto, Ont.)|xConditions environnementales.
7102 |aNational Water Research Institute (Canada). |bHydraulics Division, |eissuing body.
830#0|aTechnical note (National Water Research Institute (Canada). Hydraulics Division)|vno. 83-09.|w(CaOODSP)9.855127
85640|qPDF|s893 KB|uhttps://publications.gc.ca/collections/collection_2024/eccc/en13-6/En13-6-83-09-eng.pdf